000 00670nam a2200205Ii 4500
003 JO-AjNU
008 230605s9999||||xx |||||||||||||| ||und||
020 _a977-7317-53-6
040 _aJO-AjNU
_bara
_erda
_cJO-AjNU
041 _aara
050 1 4 _aQB641.A7 1986
100 3 _aتكلا ، ميشيل مترجم / تاليف اسحق ازيموف ,
_eauthor
_918274
245 0 0 _aالمريخ كوكب الرعب والدمار
264 3 1 _aالعراق:مكتبة غريب, ، 1986
300 _a200ص
336 _atext
_btxt
_2rdacontent
337 _aunmediated
_bn
_2rdamedia
338 _avolume
_bnc
_2rdacarrier
650 4 _aالكواكب-النجوم
_918275
999 _aA5812
_c9380
_d9380